Henry James Bibliography - Statistics

General Stats
  • This quiz has been taken 78 times
    4 since last reset
  • The average score is 20 of 225
Answer Stats
Type Year Name % Correct
Novella 1898 The Turn of the Screw
100%
Novel 1903 The Ambassadors
75%
Novel 1877 The American
75%
Play 1890 The American
75%
Novel 1881 The Portrait of a Lady
75%
Novel 1902 The Wings of the Dove
75%
Short Story 1878 An International Episode
50%
Novel 1879 Confidence
50%
Novella 1878 Daisy Miller
50%
Play 1882 Daisy Miller
50%
Short Story 1899 Europe
50%
Non-Fiction Book 1879 Hawthorne
50%
Novel 1875 Roderick Hudson
50%
Novel 1888 The Aspern Papers
50%
Novel 1899 The Awkward Age
50%
Novella 1903 The Beast in the Jungle
50%
Novel 1886 The Bostonians
50%
Novel 1878 The Europeans
50%
Novel 1904 The Golden Bowl
50%
Novel 1917 The Ivory Tower
50%
Novel 1896 The Other House
50%
Play 1908 The Other House
50%
Play 1909 The Outcry
50%
Novel 1911 The Outcry
50%
Novel 1886 The Princess Casamassima
50%
Short Story 1892 The Real Thing
50%
Novel 1888 The Reverberator
50%
Novel 1901 The Sacred Fount
50%
Novel 1917 The Sense of the Past
50%
Novel 1897 The Spoils of Poynton
50%
Novel 1890 The Tragic Muse
50%
Novel 1908 The Whole Family
50%
Novel 1880 Washington Square
50%
Novel 1871 Watch and Ward
50%
Novel 1897 What Maisie Knew
50%
Novella 1898 In the Cage
25%
Short Story 1879 A Bundle of Letters
0%
Play 1872 A Change of Heart
0%
Short Story 1866 A Day of Days
0%
Short Story 1879 A Diary of a Man of Fifty
0%
Short Story 1874 Adina
0%
Essay 1893 After the Play
0%
Short Story 1866 A Landscape Painter
0%
Essay 1878 Alfred de Musset
0%
Essay 1893 Alfred Parsons
0%
Short Story 1869 A Light Man
0%
Travelogue 1884 A Little Tour in France
0%
Novella 1888 A London Life
0%
Essay 1883 Alphonse Daudet
0%
Short Story 1868 A Most Extraordinary Case
0%
Letter Collection 1925 A Most Unholy Trade
0%
Essay 1908 An American Art-Scholar: Charles Eliot Norton
0%
Essay 1893 An Animated Conversation
0%
Short Story 1884 A New England Winter
0%
Essay 1883 Anthony Trollope
0%
Novella 1871 A Passionate Pilgrim
0%
Short Story 1868 A Problem
0%
Short Story 1910 A Round of Visits
0%
Memoir 1913 A Small Boy and Others
0%
Short Story 1871 At Isella
0%
Short Story 1864 A Tragedy of Error
0%
Essay 1878 Balzac's Letters
0%
Short Story 1875 Benvolio
0%
Short Story Collection 1903 Better Sort
0%
Essay 1893 Black and White
0%
Short Story 1900 Broken Wings
0%
Short Story 1891 Brooksmith
0%
Essay 1893 Browning in Westminster Abbey
0%
Essay 1878 Charles Baudelaire
0%
Essay 1878 Charles de Bernard and Gustave Flaubert
0%
Essay 1893 Charles S. Reinhart
0%
Short Story 1892 Collaboration
0%
Short Story 1898 Covering End
0%
Short Story 1909 Crapy Cornelia
0%
Short Story 1876 Crawford's Consistency
0%
Essay 1893 Criticism
0%
Essay 1876 Daniel Deronda: A Conversation
0%
Short Story 1868 De Grey: A Romance
0%
Play 1894 Disengaged
0%
Essay 1895 Dumas the Younger
0%
Essay 1893 Edwin A. Abbey
0%
Essay 1887 Emerson
0%
Essay 1902 Émile Zola
0%
Travelogue 1905 English Hours
0%
Essay Collection 1893 Essays in London and Elsewhere
0%
Short Story 1874 Eugene Pickering
0%
Short Story 1902 Flickerbridge
0%
Short Story 1904 Fordham Castle
0%
Short Story 1877 Four Meetings
0%
Essay 1893 Frances Anne Kemble
0%
Essay Collection 1878 French Poets and Novelists
0%
Essay 1902 Gabriele D'Annunzio
0%
Short Story 1869 Gabrielle de Bergerac
0%
Essay 1878, 1897, 1899, 1914 George Sand
0%
Short Story 1884 Georgina's Reasons
0%
Short Story 1896 Glasses
0%
Short Story 1892 Greville Fane
0%
Short Story 1872 Guest's Confession
0%
Essay 1893, 1902 Gustave Flaubert
0%
Essay 1888 Guy de Maupassant
0%
Play 1895 Guy Domville
0%
Essay 1893 Henrik Ibsen
0%
Essay 1893 Honoré Daumier
0%
Essay 1878, 1902, 1913 Honoré de Balzac
0%
Short Story 1883 Impressions of a Cousin
0%
Travelogue 1909 Italian Hours
0%
Essay 1878 Ivan Turgénieff
0%
Essay 1893 James Russell Lowell
0%
Short Story 1898 John Delavoy
0%
Essay 1893 John S. Sargent
0%
Short Story 1908 Julia Bride
0%
Short Story 1884 Lady Barberina
0%
Essay 1893 London
0%
Short Story 1878 Longstaff's Marriage
0%
Short Story 1892 Lord Beaupré
0%
Novella 1874 Madame de Mauves
0%
Essay 1878 Madame de Sabran
0%
Short Story 1871 Master Eustace
0%
Essay 1902 Matilde Serao
0%
Short Story 1900 Maud-Evelyn
0%
Essay 1878 Mérimée's Letters
0%
Short Story 1900 Miss Gunton of Poughkeepsie
0%
Essay 1887 Miss Woolson
0%
Short Story 1909 Mora Montravers
0%
Essay 1893 Mrs. Humphry Ward
0%
Short Story 1901 Mrs. Medwin
0%
Short Story 1887 Mrs. Temperly
0%
Essay 1865 Mr. Walt Whitman
0%
Essay 1879 Mr. Whistler's Rejoinder
0%
Short Story 1867 My Friend Bingham
0%
Writings Collection 1907-1909 New York Edition
0%
Short Story 1892 Nona Vincent
0%
Notebook Collection 1947 Notebooks of Henry James
0%
Memoir 1914 Notes of a Son and Brother
0%
Essay Collection 1914 Notes on Novelists
0%
Short Story 1892 Owen Wingrave
0%
Short Story 1884 Pandora
0%
Essay Collection 1888 Partial Portraits
0%
Short Story 1899 Paste
0%
Essay Collection 1893 Picture and Text
0%
Essay 1893 Pierre Loti
0%
Travelogue 1883 Portraits of Places
0%
Short Story 1874 Professor Fargo
0%
Play 1869 Pyramus and Thisbe
0%
Essay 1887, 1894 Robert Louis Stevenson
0%
Short Story 1878 Rose-Agathe
0%
Short Story 1892 Sir Dominick Ferrand
0%
Short Story 1891 Sir Edmund Orme
0%
Play 1871 Still Waters
0%
Play 1895 Summersoft
0%
Essay 1875 Swinburne's Essays
0%
Play 1894 Tenants
0%
Short Story Collection 1893 Terminations
0%
Short Story 1900 The Abasement of the Northmores
0%
Play 1895 The Album
0%
Short Story 1895 The Altar of the Dead
0%
Travelogue 1907 The American Scene
0%
Essay 1884 The Art of Fiction
0%
Essay Collection 1934 The Art of the Novel: Critical Prefaces
0%
Play Collection 1894 Theatricals
0%
Play Collection 1895 Theatricals: Second Series
0%
Short Story 1884 The Author of Beltraffio
0%
Short Story 1901 The Beldonald Holbein
0%
Short Story 1909 The Bench of Desolation
0%
Short Story 1903 The Birthplace
0%
Short Story 1891 The Chaperon
0%
Short Story 1894 The Coxon Fund
0%
Short Story 1894 The Death of the Lion
0%
Novella 1896 The Figure in the Carpet
0%
Short Story 1876 The Ghostly Rental
0%
Short Story 1898 The Given Case
0%
Short Story 1899 The Great Condition
0%
Short Story 1900 The Great Good Place
0%
Play 1907 The High Bid
0%
Short Story 1908 The Jolly Corner
0%
Essay 1893 The Journal of the Brothers Goncourt
0%
Novella 1888 The Lesson of the Master
0%
Short Story 1888 The Liar
0%
Essay 1885 The Life of George Eliot
0%
Essay 1865 The Limitations of Dickens
0%
Short Story 1873 The Madonna of the Future
0%
Short Story 1891 The Marriages
0%
Short Story 1893 The Middle Years
0%
Memoir 1917 The Middle Years
0%
Short Story 1888 The Modern Warning
0%
Essay 1914 The New Novel
0%
Short Story 1895 The Next Time
0%
Essay 1912 The Novel in "The Ring and the Book"
0%
Essay 1866 The Novels of George Eliot
0%
Essay 1878 Théophile Gautier
0%
Short Story 1903 The Papers
0%
Short Story 1888 The Patagonia
0%
Short Story 1884 The Path of Duty
0%
Short Story 1879 The Pension Beaurepas
0%
Short Story 1882 The Point of View
0%
Short Story 1892 The Private Life
0%
Short Story 1891 The Pupil
0%
Speech Collection 1905 The Question of Our Speech; The Lesson of Balzac. Two Lectures
0%
Short Story 1899 The Real Right Thing
0%
Play 1895 The Reprobate
0%
Short Story 1868 The Romance of Certain Old Clothes
0%
Play 1908 The Saloon
0%
Short Story 1883 The Siege of London
0%
Essay Collection 1900 The Soft Side
0%
Short Story 1888 The Solution
0%
Short Story 1902 The Story in It
0%
Short Story 1868 The Story of a Masterpiece
0%
Short Story 1865 The Story of a Year
0%
Essay 1878 The Suit for Libel
0%
Short Story 1873 The Sweetheart of M. Briseux
0%
Essay 1878 The Théâtre Français
0%
Short Story 1900 The Third Person
0%
Short Story 1900 The Tree of Knowledge
0%
Essay 1878 The Two Ampères
0%
Short Story 1900 The Two Faces
0%
Short Story 1909 The Velvet Grove
0%
Short Story 1892 The Visits
0%
Short Story 1896 The Way It Came
0%
Short Story 1892 The Wheel of Time
0%
Travelogue 1875 Transatlantic Sketches
0%
Short Story 1870 Travelling Companions
0%
Short Story Collection 1919 Travelling Companions
0%
Essay Collection 1908 Views and Reviews
0%
Non-Fiction Book 1903 William Wetmore Story and His Friends
0%
Essay Collection 1918 Within the Rim
0%
No matching quizzes found
Score Distribution
Percent of People with Each Score
Percentile by Number Answered
Your Score History
You have not taken this quiz since the last reset